| 000 | 00723nam a2200229Ia 4500 | ||
|---|---|---|---|
| 008 | 130821s1999 mx gr spa | ||
| 020 | _a9688591203 | ||
| 040 |
_aCo-BoUCM _bspa |
||
| 041 | 0 | 0 | _aspa |
| 100 | 1 | _aCerteau, Michel de | |
| 245 | 1 | 3 |
_aLa escritura de la historia _cMichel de Certeau |
| 260 |
_aMéxico D.F. (México) _bUniversidad Iberoamericana _c1999 |
||
| 300 | _a334 páginas | ||
| 490 | _aEl oficio de la historia | ||
| 504 | _aIncluye bibliografía | ||
| 650 | 0 | 4 |
_aHistoria _97695 |
| 650 | 0 | 4 |
_aHistoria _xInvestigaciones _97695 |
| 650 | 0 | 4 |
_aHistoria _xMetodología _97695 |
| 650 | 0 | 4 |
_aHistoriografía _97698 |
| 942 |
_cLIBRO _a21 _e1 _mC337e _2DEWEY _h907.2 |
||
| 999 |
_c54823 _d54823 |
||